| 000 | 00840nam a2200253 i 4500 | ||
|---|---|---|---|
| 001 | 181493 | ||
| 003 | ES-MaACL | ||
| 005 | 20231017171001.0 | ||
| 008 | 130123s2011 sp a | |||||||| | spa d | ||
| 020 | _a978-84-92937-17-2 | ||
| 080 | _a504.38.54 | ||
| 100 | 1 |
_aAlonso Oroza, Sergio. _9150686 |
|
| 245 | 1 | 0 |
_a¿Hablamos del cambio climático? / _cSergio Alonso Oroza. |
| 250 | _a1ª ed. | ||
| 260 |
_aBilbao : _bFundación BBVA, _c2011. |
||
| 300 |
_a159 p. : _bil., gráf., mapas ; _c24 cm. |
||
| 490 | 1 | _aConferencias magistrales | |
| 504 | _aBibliografía: p. 151-153. Índices. | ||
| 650 | 4 |
_aCambios climáticos- _xAspectos ambientales. _9152134 |
|
| 830 | 0 |
_aConferencias magistrales _9191426 |
|
| 852 |
_aES-MaACL _jA-12563 _9188394 _bR.148717 _cDEPO1 _dOlim: N-5566 |
||
| 942 |
_2udc _cMONOGRAFIA |
||
| 999 |
_c181493 _d181493 |
||